000 00778nam a2200253Ia 4500
003 OSt
005 20220930062021.0
006 a|||||r|||| 00| 0
007 ta
008 220926b |||||||| |||| 00| 0 eng d
024 _a549
037 _cTheses
040 _aCRL
_cCRL
_beng
041 _2eng
_aeng
100 _aBhaskaran Ambika
_9520308
110 _aUniversity of Delhi. Faculty of Medical Sciences. Department of Medicine
245 0 _aClinicoimmunological study of rheumatoid arthritis
260 _c1989
650 _aMEDICINE
700 _a Dr S K Dham Supervisor
_9520309
700 _aUniversity of Delhi. Faculty of Medical Sciences. Department of Medicine
942 _cDIS
_2CC
999 _c854970
_d854970